000
00276nam a2200109Ia 4500
008
190912s9999||||xx |||||||||||||| ||und||
100
_a
Jordan,Harry F.
245
0
_a
Computer Systems Design and Architecture
260
_a
Pakistan
_b
Addision
_c
1997
300
_a
571
942
_c
BK
999
_c
7488
_d
7488